000 00441nam a2200157 4500
001 148414
003 ES-MaACL
005 20230906202622.0
007 t|
008 070214n19201929sp r ||||1| spa d
100 1 _aStrauss, David Friedrich.
_9108397
245 1 0 _aEstudios literarios y religiosos /
_cDavid Friedrich Strauss.
260 _aValencia :
_bSempere,
_c[192_?]
300 _a272 p. ;
_c19 x 12 cm.
852 _aES-MaACL
_jB-278
999 _c148414
_d148414